The 100 Best Books of all time (Record no. 2798)

MARC details
000 -LEADER
fixed length control field 00380nam a22001577a 4500
005 - DATE AND TIME OF LATEST TRANSACTION
control field 20260331163201.0
008 - FIXED-LENGTH DATA ELEMENTS--GENERAL INFORMATION
fixed length control field 160615b xxu||||| |||| 00| 0 eng d
020 ## - INTERNATIONAL STANDARD BOOK NUMBER
ISBN 978-1-59184-240-8
041 ## - LANGUAGE CODE
Language code of text/sound track or separate title eng
082 ## - DEWEY DECIMAL CLASSIFICATION NUMBER
Item number 7789
100 ## - MAIN ENTRY--AUTHOR NAME
Personal name Covert, Jack, and Sattersten, Todd
245 ## - TITLE STATEMENT
Title The 100 Best Books of all time
300 ## - PHYSICAL DESCRIPTION
Number of Pages 328
650 ## - SUBJECT ADDED ENTRY--TOPICAL TERM
Topical Term Management
942 ## - ADDED ENTRY ELEMENTS (KOHA)
Koha item type Books
Holdings
Lost status Damaged status Collection code Home library Current library Shelving location Date acquired Cost, normal purchase price Full call number Accession Number Koha item type
    LIFE SKILL JRU Library JRU Library SHELF-102-H 15/06/2016 20.95 809.3 7789 Books